000 00464pab a2200157 454500
008 180718b2018 xxu||||| |||| 00| 0 eng d
100 _aMehta, Rimple
245 _aIllegal Bangladeshis in akhand bharat: inscriptions of race and religion on citizenship
260 _c2018
300 _ap.62-68.
362 _a17 Feb
650 _aImmigration-Bangladesh
650 _aImmigration and Emmigration
773 _aEconomic and Political Weekly
909 _a116972
999 _c116966
_d116966